00403nam a2200145Ia 4500008004100000020001500041041000800056082001500064100002200079245007400101250000600175260003500181300001300216650002800229210716s1974 xx 000 0 und d a0063853558 aeng a658.4 LUNE aLundgren, Earl F. aOrganizational management: systems and process.bSystems and process. a1 aNew YorkbCanfield Pressc1974 axvii,461 aOrganisational Behavior